<?xml version="1.0" encoding="UTF-8"?>
<record
    xmlns:xsi="http://www.w3.org/2001/XMLSchema-instance"
    xsi:schemaLocation="http://www.loc.gov/MARC21/slim http://www.loc.gov/standards/marcxml/schema/MARC21slim.xsd"
    xmlns="http://www.loc.gov/MARC21/slim">

  <leader>00958nam a2200217 u 4500</leader>
  <controlfield tag="001">000020668</controlfield>
  <controlfield tag="005">20200930011138.0</controlfield>
  <controlfield tag="008">100812s2000    dr a    r     001 0 spa d</controlfield>
  <datafield tag="020" ind1=" " ind2=" ">
    <subfield code="a">8400079116</subfield>
  </datafield>
  <datafield tag="040" ind1=" " ind2=" ">
    <subfield code="a">DO-SdBNP</subfield>
    <subfield code="b">spa</subfield>
    <subfield code="c">BPJMD</subfield>
  </datafield>
  <datafield tag="082" ind1=" " ind2=" ">
    <subfield code="a">860</subfield>
    <subfield code="b">P153</subfield>
  </datafield>
  <datafield tag="245" ind1="0" ind2="0">
    <subfield code="a">Palabras para el pueblo :</subfield>
    <subfield code="b">Aproximaci&#xF3;n general a la literatura de Cordel /</subfield>
    <subfield code="c">coordinador Luis D&#xED;az G. Viana ; pr&#xF3;logo Mar&#xED;a Cruz Garc&#xED;a de Enterr&#xED;a.</subfield>
  </datafield>
  <datafield tag="260" ind1=" " ind2=" ">
    <subfield code="a">Madrid :</subfield>
    <subfield code="b">Consejo Superior de Investigaciones Cient&#xED;ficas.</subfield>
  </datafield>
  <datafield tag="300" ind1=" " ind2=" ">
    <subfield code="a">v. :</subfield>
    <subfield code="b">il. ;</subfield>
    <subfield code="c">25 cm.</subfield>
  </datafield>
  <datafield tag="490" ind1="1" ind2=" ">
    <subfield code="a">Biblioteca de dialectog&#xED;a y tradiciones pupulares</subfield>
    <subfield code="v">no. xxxii</subfield>
  </datafield>
  <datafield tag="650" ind1=" " ind2="4">
    <subfield code="a">Literatura de cordel espa&#xF1;ola</subfield>
    <subfield code="x">Historia</subfield>
    <subfield code="v">CONGRESOS,CONFERENCIAS,ETC.</subfield>
    <subfield code="9">43423</subfield>
  </datafield>
  <datafield tag="650" ind1=" " ind2="4">
    <subfield code="a">Literatura de cordel espa&#xF1;ola</subfield>
    <subfield code="9">43424</subfield>
  </datafield>
  <datafield tag="700" ind1="1" ind2=" ">
    <subfield code="a">Cruz Garc&#xED;a de Enterr&#xED;a, Mar&#xED;a</subfield>
    <subfield code="e">pr&#xF3;l.</subfield>
    <subfield code="9">43425</subfield>
  </datafield>
  <datafield tag="700" ind1="1" ind2=" ">
    <subfield code="a">D&#xED;az G. Viana, Luis</subfield>
    <subfield code="e">coor.</subfield>
    <subfield code="9">43426</subfield>
  </datafield>
  <datafield tag="830" ind1=" " ind2="0">
    <subfield code="a">Biblioteca de dialectog&#xED;a y tradiciones pupulares</subfield>
    <subfield code="v">no. xxxii</subfield>
    <subfield code="9">43427</subfield>
  </datafield>
  <datafield tag="999" ind1=" " ind2=" ">
    <subfield code="c">20172</subfield>
    <subfield code="d">20172</subfield>
  </datafield>
</record>
